书目信息 |
| 题名: |
餐饮空间设计
|
|
| 作者: | 赵文瑾 , 李振煜 编著 | |
| 分册: | ||
| 出版信息: | 北京 北京大学出版社 2014 |
|
| 页数: | 128页 | |
| 开本: | 26cm | |
| 丛书名: | ||
| 单 册: | ||
| 中图分类: | TU247.3 | |
| 科图分类: | ||
| 主题词: | 饮食业 , 服务建筑 , 饮食业--服务建筑--室内装饰设计--高等学校--教材 , 室内装饰设计 | |
| 电子资源: | ||
| ISBN: | 978-7-301-23381-8 | |
| 000 | 01027nam0 2200277 450 | |
| 001 | 142069 | |
| 005 | 20141115150105.20 | |
| 010 | @a978-7-301-23381-8@dCNY 40.00 | |
| 100 | @a20140210d2014 em y0chiy50 ea | |
| 101 | 0 | @achi |
| 102 | @aCN@b110000 | |
| 105 | @aa z 000yy | |
| 200 | 1 | @a餐饮空间设计@9can yin kong jian she ji@b专著@f李振煜,赵文瑾编著 |
| 210 | @a北京@c北京大学出版社@d2014 | |
| 215 | @a128页@c彩图@d26cm | |
| 300 | @a21世纪全国高等院校艺术设计系列实用规划教材 | |
| 330 | @a本书通过对现在社会经济发展和文化发展的概括和比较,提出餐饮空间设计的基本概念、设计的思路、设计形式的表达和设计 的鉴赏,并对餐饮空间的各种形式做了重要的阐述,对基本特点、风格形式、设计形式的基本符号语言,以及空间形式做了重要揭示。 | |
| 606 | 0 | @a饮食业 |
| 606 | 0 | @a服务建筑 |
| 606 | 0 | @a饮食业@x服务建筑@x室内装饰设计@x高等学校@j教材 |
| 606 | 0 | @a室内装饰设计 |
| 690 | @aTU247.3@v5 | |
| 701 | 0 | @a赵文瑾@9zhao wen jin@4编著 |
| 701 | 0 | @a李振煜@9li zhen yu@4编著 |
| 801 | 0 | @c20141115 |
| 905 | @a241430@dTU247.3@eL330 | |
| 餐饮空间设计/李振煜,赵文瑾编著.-北京:北京大学出版社,2014 |
| 128页:彩图;26cm |
| 21世纪全国高等院校艺术设计系列实用规划教材 |
| ISBN 978-7-301-23381-8:CNY 40.00 |
| 本书通过对现在社会经济发展和文化发展的概括和比较,提出餐饮空间设计的基本概念、设计的思路、设计形式的表达和设计 的鉴赏,并对餐饮空间的各种形式做了重要的阐述,对基本特点、风格形式、设计形式的基本符号语言,以及空间形式做了重要揭示。 |
| ● |
| 相关链接 |
|
|
|
正题名:餐饮空间设计
索取号:TU247.3/L330
 
预约/预借
| 序号 | 登录号 | 条形码 | 馆藏地/架位号 | 状态 | 备注 |
| 1 | 0839823 | 208398232 | 建筑库101/101建筑库 69排3列5层/ [索取号:TU247.3/L330] | 在馆 | |
| 2 | 0839824 | 208398241 | 建筑库101/101建筑库 69排3列5层/ [索取号:TU247.3/L330] | 在馆 | |
| 3 | 0839825 | 208398250 | 建筑库101/101建筑库 69排3列5层/ [索取号:TU247.3/L330] | 在馆 |